Statistics for Cities of Philippines

Click here to take the quiz!

General Stats

  • This quiz has been taken 3,340 times
  • The average score is 16 of 35

Answer Stats

ProvinceAnswer% Correct
Metro ManilaQuezon City
86%
CebuCebu City
81%
Metro ManilaManila
78%
Metro ManilaMakati
70%
BenguetBaguio
66%
Davao del SurDavao City
63%
Metro ManilaPasay
62%
Metro ManilaPasig
59%
Metro ManilaTaguig
55%
Metro ManilaCaloocan
52%
RizalAntipolo
50%
IloiloIloilo City
49%
Metro ManilaParanaque
49%
PampangaAngeles
46%
Metro ManilaMandaluyong
46%
Metro ManilaMarikina
46%
Metro ManilaValenzuela
45%
PalawanPuerto Princesa
43%
Negros OccidentalBacolod
39%
LeyteTacloban
39%
Metro ManilaMalabon
38%
Metro ManilaLas Pinas
37%
Zamboanga del SurZamboanga City
37%
Metro ManilaMuntinlupa
36%
Metro ManilaNavotas
36%
Metro ManilaSan Juan
36%
CebuLapu-Lapu
29%
CebuMandaue
28%
Misamis OrientalCagayan de Oro
27%
South CotabatoGeneral Santos
26%
Nueva EcijaCabanatuan
25%
QuezonLucena
25%
ZambalesOlongapo
25%
Agusan del NorteButuan
18%
Lanao del NorteIligan
17%

Score Distribution

Percentile by Number Answered

Percent of People with Each Score

Your Score History

You have not taken this quiz